[Event "Tjele WIM "]
[Site "Tjele"]
[Date "2000.02.12"]
[Round "1"]
[White "Grigoryan, Meri"]
[Black "Sikorova, Olga"]
[Result "0-1"]
[WhiteElo "2097"]
[BlackElo "2195"]
[PlyCount "83"]
[EventDate "2000.02.12"]
[EventType "tourn"]
[EventRounds "9"]
[EventCountry "DEN"]

1. d4 c5 2. Nf3 Nf6 3. g3 g6 4. Bg2 cxd4 5. Nxd4 Bg7 6. O-O O-O 7. c3 d5 8. Nd2
Nc6 9. Nxc6 bxc6 10. Qa4 Qb6 11. Nb3 Ng4 12. h3 Ne5 13. Be3 Qa6 14. Qxa6 Bxa6
15. Rfe1 Nc4 16. Bc1 Rab8 17. Nc5 Bc8 18. Na4 Bf5 19. b3 Nb6 20. Nxb6 Bxc3 21.
Bh6 axb6 22. Bxf8 Kxf8 23. Rec1 Bxa1 24. Rxa1 e5 25. Kf1 Ra8 26. Ke1 Bc2 27. b4
Bb3 28. a3 Ke7 29. Kd2 Kd6 30. Kc3 Ba4 31. e3 Bb5 32. Bf3 c5 33. bxc5+ bxc5 34.
Bd1 d4+ 35. exd4 exd4+ 36. Kd2 c4 37. a4 c3+ 38. Kc1 Bc4 39. Ra3 Kc5 40. Bf3
Ra5 41. Kc2 Kb4 42. Ra1 0-1

[Event "Tjele WIM "]
[Site "Tjele"]
[Date "2000.02.12"]
[Round "1"]
[White "Guindy, Esmat"]
[Black "Hitzgerova, Gabriela"]
[Result "1/2-1/2"]
[WhiteElo "2185"]
[BlackElo "2174"]
[PlyCount "83"]
[EventDate "2000.02.12"]
[EventType "tourn"]
[EventRounds "9"]
[EventCountry "DEN"]

1. d4 Nf6 2. c4 g6 3. g3 Bg7 4. Bg2 d6 5. Nc3 O-O 6. Nf3 Nc6 7. O-O a6 8. h3
Rb8 9. b3 b5 10. Be3 Bd7 11. Rc1 bxc4 12. bxc4 Na5 13. Nd2 Rb4 14. Rb1 Qb8 15.
Nd5 Nxd5 16. cxd5 Bf5 17. Rxb4 Qxb4 18. g4 Bd7 19. Qc2 Bxd4 20. Rb1 Qc5 21.
Qxc5 dxc5 22. Bxd4 cxd4 23. Rc1 Rc8 24. Nc4 Nxc4 25. Rxc4 Bb5 26. Rxd4 c5 27.
dxc6 Bxc6 28. Rc4 Bd7 29. Rxc8+ Bxc8 30. f4 Be6 31. a3 Bc4 32. Kf2 f6 33. g5
fxg5 34. fxg5 Kf7 35. e4 Ke6 36. Ke3 Ke5 37. Bf3 Bb5 38. Bd1 Bc4 39. h4 Be6 40.
Ba4 Bc4 41. Bd7 Ba2 42. Bg4 1/2-1/2

[Event "Tjele WIM "]
[Site "Tjele"]
[Date "2000.02.12"]
[Round "1"]
[White "Lauterbach, Ingrid"]
[Black "Stewart, Tanya Jill Milk"]
[Result "1-0"]
[WhiteElo "2182"]
[BlackElo "2035"]
[PlyCount "87"]
[EventDate "2000.02.12"]
[EventType "tourn"]
[EventRounds "9"]
[EventCountry "DEN"]

1. e4 c5 2. Nf3 e6 3. d3 Nc6 4. g3 d5 5. Nbd2 Nf6 6. Bg2 Be7 7. O-O b6 8. Re1
Qc7 9. c3 Bb7 10. Qa4 O-O-O 11. e5 Nd7 12. d4 a6 13. Nf1 h6 14. h4 Rhg8 15. Bd2
g5 16. hxg5 hxg5 17. Rec1 b5 18. Qd1 c4 19. b3 Na5 20. Be3 Nb6 21. N1d2 Rg6 22.
Nh2 Rh8 23. Ng4 Bc6 24. Rcb1 Kd7 25. Qc1 Rc8 26. Nf3 Rcg8 27. Nf6+ Bxf6 28.
exf6 Rxf6 29. Ne5+ Kc8 30. Bxg5 Rf5 31. Bf4 Qe7 32. g4 Rxe5 33. Bxe5 f6 34. Bg3
Rxg4 35. Qe3 Bd7 36. Kf1 Nc6 37. a4 Kb7 38. a5 Nc8 39. bxc4 dxc4 40. Qe2 Rg7
41. Qxc4 Nd6 42. Qc5 Nc8 43. Rxb5+ axb5 44. a6+ 1-0

[Event "Tjele WIM "]
[Site "Tjele"]
[Date "2000.02.12"]
[Round "1"]
[White "Steffensen, Elena"]
[Black "Milligan, Helen"]
[Result "1-0"]
[WhiteElo "2075"]
[BlackElo "2125"]
[PlyCount "119"]
[EventDate "2000.02.12"]
[EventType "tourn"]
[EventRounds "9"]
[EventCountry "DEN"]

1. e4 e6 2. Nc3 d5 3. Nf3 Nf6 4. e5 Nfd7 5. d4 Be7 6. Bd3 c5 7. dxc5 Nc6 8. Bf4
Nxc5 9. O-O Nxd3 10. Qxd3 Bd7 11. Rfd1 O-O 12. a3 Rc8 13. Nb5 f6 14. exf6 Rxf6
15. Bg3 Be8 16. c4 Bg6 17. Qe3 Qf8 18. cxd5 Bc5 19. Qe2 exd5 20. b4 Re8 21. Qa2
Bb6 22. Qxd5+ Kh8 23. Bd6 Qf7 24. Qxf7 Bxf7 25. Bc5 Bxc5 26. bxc5 Bh5 27. Re1
Rxe1+ 28. Rxe1 h6 29. Ne5 Nxe5 30. Rxe5 Bg6 31. Nxa7 Ra6 32. Nb5 Ra5 33. a4
Rxa4 34. f3 Bd3 35. Nd6 Ra1+ 36. Kf2 Ba6 37. Re8+ Kh7 38. Re7 Ra2+ 39. Kg3 Rc2
40. Rc7 h5 41. Ne8 Bf1 42. Rxg7+ Kh6 43. Rxb7 Rxc5 44. Rb6+ Kh7 45. Nf6+ Kg7
46. Kh4 Bxg2 47. Nxh5+ Kf7 48. Rb7+ Kf8 49. Rb3 Bf1 50. f4 Rc2 51. h3 Ra2 52.
Kg5 Ra5+ 53. f5 Bc4 54. Rc3 Be6 55. Ng3 Bd7 56. h4 Ra6 57. h5 Kg8 58. h6 Bb5
59. Rc8+ Kh7 60. Nh5 1-0

[Event "Tjele WIM "]
[Site "Tjele"]
[Date "2000.02.13"]
[Round "2"]
[White "Hitzgerova, Gabriela"]
[Black "Jackova, Jana"]
[Result "1/2-1/2"]
[WhiteElo "2174"]
[BlackElo "2303"]
[PlyCount "101"]
[EventDate "2000.02.12"]
[EventType "tourn"]
[EventRounds "9"]
[EventCountry "DEN"]

1. e4 e5 2. Nf3 Nc6 3. Bb5 a6 4. Ba4 Nf6 5. O-O Be7 6. Re1 b5 7. Bb3 O-O 8. a4
Bb7 9. d3 Re8 10. Ng5 d5 11. exd5 Nd4 12. c4 Nxb3 13. Qxb3 c6 14. cxb5 cxd5 15.
Nc3 Ng4 16. Nh3 d4 17. Ne4 axb5 18. Qxb5 Bd5 19. a5 Rb8 20. Qa4 f5 21. Nd2 Qc7
22. Nc4 Bb4 23. Rd1 Bxc4 24. dxc4 e4 25. Bf4 Bd6 26. g3 Bxf4 27. Nxf4 e3 28.
fxe3 dxe3 29. Qd7 Qxc4 30. Qd5+ Qxd5 31. Rxd5 e2 32. Nd3 Rb3 33. Ne1 Rxb2 34.
a6 Rbb8 35. a7 Ra8 36. Rxf5 Ne3 37. Rfa5 Re7 38. R1a2 Nc4 39. R5a4 Nd6 40. Ra5
h6 41. Kf2 Ne4+ 42. Kg2 Nc3 43. R2a3 Nd1 44. Ra2 Kh7 45. Ra6 g5 46. R2a4 g4 47.
h3 Ne3+ 48. Kh2 Rf7 49. Re4 Rf2+ 50. Kg1 Rf1+ 51. Kh2 1/2-1/2

[Event "Tjele WIM "]
[Site "Tjele"]
[Date "2000.02.13"]
[Round "2"]
[White "Milligan, Helen"]
[Black "Grigoryan, Meri"]
[Result "1-0"]
[WhiteElo "2125"]
[BlackElo "2097"]
[PlyCount "37"]
[EventDate "2000.02.12"]
[EventType "tourn"]
[EventRounds "9"]
[EventCountry "DEN"]

1. e4 c6 2. d4 d5 3. Nd2 dxe4 4. Nxe4 Nd7 5. Ng5 Ngf6 6. Bd3 e6 7. N1f3 h6 8.
Nxe6 Qe7 9. O-O fxe6 10. Bg6+ Kd8 11. Bf4 Qb4 12. a3 Qa5 13. c4 Be7 14. b4 Bxb4
15. axb4 Qxb4 16. Qe2 b6 17. Rfb1 Qe7 18. Bg3 Nf8 19. Ne5 1-0

[Event "Tjele WIM "]
[Site "Tjele"]
[Date "2000.02.13"]
[Round "2"]
[White "Sikorova, Olga"]
[Black "Lauterbach, Ingrid"]
[Result "1-0"]
[WhiteElo "2195"]
[BlackElo "2182"]
[PlyCount "85"]
[EventDate "2000.02.12"]
[EventType "tourn"]
[EventRounds "9"]
[EventCountry "DEN"]

1. e4 d6 2. d4 Nf6 3. Nc3 g6 4. f3 c6 5. Be3 b5 6. Qd2 Nbd7 7. g4 Qc7 8. h4 a6
9. h5 Bb7 10. hxg6 fxg6 11. Nh3 Bg7 12. Bh6 Bxh6 13. Qxh6 Nf8 14. Nf4 e5 15.
dxe5 dxe5 16. g5 Ng8 17. Qxf8+ Kxf8 18. Ne6+ Ke7 19. Nxc7 Rc8 20. Nxa6 Bxa6 21.
a4 h5 22. gxh6 Rxh6 23. Rxh6 Nxh6 24. axb5 Bxb5 25. Bxb5 cxb5 26. Ra5 Nf7 27.
Rxb5 Rh8 28. Nd5+ Ke6 29. Rb6+ Nd6 30. c4 Rh1+ 31. Kd2 Kd7 32. b3 Rh2+ 33. Ke3
Rc2 34. Kd3 Rc1 35. Kd2 Rf1 36. c5 Nc8 37. Rb7+ Kd8 38. c6 Rxf3 39. Rd7+ Ke8
40. Nc7+ Kf8 41. Rd8+ Ke7 42. Rxc8 Rxb3 43. Nd5+ 1-0

[Event "Tjele WIM "]
[Site "Tjele"]
[Date "2000.02.13"]
[Round "2"]
[White "Stewart, Tanya Jill Milk"]
[Black "Vovk, Oksana"]
[Result "1/2-1/2"]
[WhiteElo "2035"]
[BlackElo "2081"]
[PlyCount "62"]
[EventDate "2000.02.12"]
[EventType "tourn"]
[EventRounds "9"]
[EventCountry "DEN"]

1. e4 e6 2. d4 d5 3. Nc3 Nf6 4. exd5 exd5 5. Bd3 Nc6 6. Nge2 Nb4 7. Bg5 Be7 8.
a3 Nxd3+ 9. Qxd3 O-O 10. f3 Re8 11. O-O-O c6 12. h4 b5 13. g4 b4 14. axb4 a5
15. b5 cxb5 16. Bxf6 Bxf6 17. Nf4 g6 18. Ncxd5 Bxh4 19. Qxb5 Bg5 20. Kb1 Bd7
21. Qb6 Rb8 22. Qxd8 Rexd8 23. c4 Ba4 24. Rde1 Bxf4 25. Nxf4 Rxd4 26. Nd5 Rd2
27. b4 axb4 28. g5 Rd8 29. Nf6+ Kf8 30. Nxh7+ Kg7 31. Nf6 Rd1+ 1/2-1/2

[Event "Tjele WIM "]
[Site "Tjele"]
[Date "2000.02.14"]
[Round "3"]
[White "Jackova, Jana"]
[Black "Stewart, Tanya Jill Milk"]
[Result "1-0"]
[WhiteElo "2303"]
[BlackElo "2035"]
[PlyCount "85"]
[EventDate "2000.02.12"]
[EventType "tourn"]
[EventRounds "9"]
[EventCountry "DEN"]

1. e4 c5 2. Nf3 e6 3. Nc3 d6 4. d4 cxd4 5. Nxd4 Nf6 6. Bc4 Be7 7. Be3 O-O 8.
Qe2 Nc6 9. O-O-O a6 10. Bb3 Qc7 11. g4 Nxd4 12. Rxd4 b5 13. g5 Nd7 14. f4 Nc5
15. f5 Nxb3+ 16. axb3 Re8 17. Rg1 Bb7 18. f6 Bf8 19. fxg7 Bxg7 20. e5 Bxe5 21.
Rh4 Kg7 22. Qd3 Rh8 23. Ne2 Qc6 24. Rf1 Qd5 25. Bd4 Bxd4 26. Rxd4 Qe5 27. Kb1
Rac8 28. Rdf4 Rc7 29. Ng3 Rhc8 30. Nh5+ Kf8 31. Qxh7 f5 32. Qh6+ Ke7 33. Nf6 d5
34. R4f2 d4 35. Rd2 Be4 36. Qg7+ Kd6 37. Nxe4+ fxe4 38. Rxd4+ Qd5 39. Rxd5+
Kxd5 40. Rd1+ Kc5 41. Qd4+ Kc6 42. g6 Kb7 43. g7 1-0

[Event "Tjele WIM "]
[Site "Tjele"]
[Date "2000.02.14"]
[Round "3"]
[White "Lauterbach, Ingrid"]
[Black "Milligan, Helen"]
[Result "1/2-1/2"]
[WhiteElo "2182"]
[BlackElo "2125"]
[PlyCount "103"]
[EventDate "2000.02.12"]
[EventType "tourn"]
[EventRounds "9"]
[EventCountry "DEN"]

1. e4 e6 2. Qe2 c5 3. g3 Nc6 4. Bg2 Nd4 5. Qd1 d5 6. d3 Nf6 7. e5 Nd7 8. f4 Rb8
9. c3 Nc6 10. Ne2 b5 11. a3 Be7 12. Nd2 a5 13. O-O O-O 14. Nf3 Qb6 15. Kh1 f6
16. d4 b4 17. f5 cxd4 18. fxe6 Nc5 19. exf6 Bxf6 20. axb4 axb4 21. Nfxd4 Ne4
22. Be3 bxc3 23. bxc3 Nxd4 24. Bxd4 Bxd4 25. Rxf8+ Kxf8 26. Qxd4 Bxe6 27. Rf1+
Kg8 28. Qxb6 Rxb6 29. c4 Nd2 30. c5 Rb8 31. Rd1 Ne4 32. Rc1 Rc8 33. c6 Kf8 34.
Nd4 Bf7 35. Kg1 Ng5 36. Bf1 Ne6 37. Nb5 Be8 38. Na7 Rc7 39. Bh3 Nd8 40. Rf1+
Kg8 41. Re1 Kf8 42. Rf1+ Kg8 43. Rc1 Bxc6 44. Nxc6 Rxc6 45. Rxc6 Nxc6 46. Be6+
Kf8 47. Bxd5 Ne5 48. Be4 h6 49. h3 Kf7 50. Kf2 Kf6 51. Ke3 Nf7 52. h4 1/2-1/2

[Event "Tjele WIM "]
[Site "Tjele"]
[Date "2000.02.14"]
[Round "3"]
[White "Steffensen, Elena"]
[Black "Hitzgerova, Gabriela"]
[Result "0-1"]
[WhiteElo "2075"]
[BlackElo "2174"]
[PlyCount "128"]
[EventDate "2000.02.12"]
[EventType "tourn"]
[EventRounds "9"]
[EventCountry "DEN"]

1. e4 c5 2. Nc3 Nc6 3. f4 g6 4. Nf3 Bg7 5. Bc4 e6 6. f5 Nge7 7. fxe6 dxe6 8. d3
O-O 9. O-O Nd4 10. Bg5 Qd7 11. Qd2 Nec6 12. Nxd4 Nxd4 13. a4 b6 14. Nd1 Nc6 15.
Nf2 Ne5 16. Bb5 Qd6 17. a5 Bb7 18. a6 Bc6 19. Bxc6 Qxc6 20. Bh6 Rad8 21. Qf4
Qd6 22. Rad1 Nc6 23. Qh4 f5 24. Bxg7 Kxg7 25. Rde1 Rde8 26. c3 f4 27. Ng4 e5
28. Qh6+ Kg8 29. Rf3 Qe7 30. Ref1 Qg7 31. Qg5 h5 32. Nf2 Nd8 33. g3 Ne6 34. Qh4
Qe7 35. Qxe7 Rxe7 36. h4 g5 37. gxf4 g4 38. Nxg4 hxg4 39. Rg3 Nxf4 40. Rxg4+
Rg7 41. Rxg7+ Kxg7 42. Kh2 Nxd3 43. Rg1+ Kh6 44. b3 Rf2+ 45. Kg3 Rf7 46. Rd1
Nf4 47. Kg4 Ne2 48. Rd6+ Kg7 49. Re6 Nxc3 50. Rxe5 Ne2 51. Re8 Nd4 52. e5 Rc7
53. e6 Kf6 54. h5 Nxe6 55. h6 Nd4 56. Kh5 Nxb3 57. Rg8 c4 58. Rg6+ Ke5 59. Rg7
Rc8 60. Rxa7 c3 61. h7 c2 62. Rc7 c1=Q 63. Rxc1 Nxc1 64. Kg6 Kd6 0-1

[Event "Tjele WIM "]
[Site "Tjele"]
[Date "2000.02.14"]
[Round "3"]
[White "Vovk, Oksana"]
[Black "Sikorova, Olga"]
[Result "1-0"]
[WhiteElo "2081"]
[BlackElo "2195"]
[PlyCount "45"]
[EventDate "2000.02.12"]
[EventType "tourn"]
[EventRounds "9"]
[EventCountry "DEN"]

1. c4 c5 2. Nc3 Nc6 3. g3 g6 4. Bg2 Bg7 5. Nf3 d6 6. O-O a6 7. e3 Bg4 8. h3 Be6
9. b3 Qc8 10. Ng5 Bd7 11. Kh2 h6 12. Nf3 h5 13. d4 Nf6 14. Nd5 Nxd5 15. cxd5
Nb4 16. e4 Bb5 17. Rg1 Bd3 18. a3 Bc2 19. Qd2 cxd4 20. Qxb4 d3 21. Nd4 O-O 22.
Be3 b5 23. Rac1 1-0

[Event "Tjele WIM "]
[Site "Tjele"]
[Date "2000.02.15"]
[Round "4"]
[White "Guindy, Esmat"]
[Black "Lauterbach, Ingrid"]
[Result "0-1"]
[WhiteElo "2185"]
[BlackElo "2182"]
[PlyCount "128"]
[EventDate "2000.02.12"]
[EventType "tourn"]
[EventRounds "9"]
[EventCountry "DEN"]

1. d4 d6 2. c4 e5 3. Nf3 e4 4. Nfd2 f5 5. e3 Nf6 6. Nc3 g6 7. f3 exf3 8. Qxf3
Bg7 9. Bd3 O-O 10. O-O c6 11. e4 Ng4 12. Nb3 fxe4 13. Qxe4 Rxf1+ 14. Bxf1 Bf5
15. Qf3 Qb6 16. Ne2 Nd7 17. Bf4 Nde5 18. Qc3 Nf7 19. h3 Nf6 20. Qa5 Bc2 21. c5
Qd8 22. Qc3 Bf5 23. Qd2 Nd5 24. Bg3 Bh6 25. Nf4 Bxh3 26. Qf2 Nxf4 27. Bxf4 Bf5
28. cxd6 Bxf4 29. Qxf4 Qxd6 30. Qxd6 Nxd6 31. Re1 Kf7 32. Nc5 Re8 33. Re5 Re7
34. Be2 h5 35. Kh2 Kf6 36. Rxe7 Kxe7 37. Bf3 h4 38. g3 hxg3+ 39. Kxg3 Bb1 40.
a3 b6 41. Na4 Nf5+ 42. Kf4 Nxd4 43. Bg2 Kd6 44. Nc3 Ne6+ 45. Ke3 Bf5 46. b4 g5
47. Bh1 Bc2 48. Bf3 Nc7 49. Kd2 Bf5 50. Be4 Bd7 51. Bg2 Ke5 52. Bh1 Ne6 53. Ke3
c5 54. Bd5 Nc7 55. Bb7 cxb4 56. axb4 Be6 57. Kd3 g4 58. Ne2 Bd5 59. Bc8 Be4+
60. Kc4 Bf3 61. Nd4 Bd5+ 62. Kd3 g3 63. Ke3 Be4 64. Nf3+ Bxf3 0-1

[Event "Tjele WIM "]
[Site "Tjele"]
[Date "2000.02.15"]
[Round "4"]
[White "Hitzgerova, Gabriela"]
[Black "Stewart, Tanya Jill Milk"]
[Result "1-0"]
[WhiteElo "2174"]
[BlackElo "2035"]
[PlyCount "95"]
[EventDate "2000.02.12"]
[EventType "tourn"]
[EventRounds "9"]
[EventCountry "DEN"]

1. e4 c5 2. Nf3 Nc6 3. d4 cxd4 4. Nxd4 Nf6 5. Nc3 e5 6. Ndb5 d6 7. Bg5 a6 8.
Na3 b5 9. Bxf6 gxf6 10. Nd5 Bg7 11. c3 O-O 12. Qh5 Ne7 13. Bd3 f5 14. Nxe7+
Qxe7 15. O-O f4 16. Nc2 h6 17. Nb4 Bb7 18. Rfe1 Qg5 19. Qxg5 hxg5 20. c4 a5 21.
Nd5 Bxd5 22. cxd5 b4 23. Rac1 Rfc8 24. Rc6 Rxc6 25. dxc6 Ra7 26. Rc1 Rc7 27.
Bc4 Bf6 28. Bd5 Bd8 29. Kf1 Rc8 30. Ke2 Kg7 31. a3 Bb6 32. axb4 axb4 33. Ra1
Kg6 34. Ra6 Bc5 35. f3 Kf6 36. Ra5 Kg6 37. Rb5 f5 38. Rb7 fxe4 39. Bxe4+ Kf6
40. Kd3 Ke6 41. Kc4 Rd8 42. Bd5+ Kf5 43. c7 Rc8 44. Kb5 e4 45. fxe4+ Ke5 46.
Kc6 g4 47. Rb8 f3 48. gxf3 1-0

[Event "Tjele WIM "]
[Site "Tjele"]
[Date "2000.02.15"]
[Round "4"]
[White "Milligan, Helen"]
[Black "Vovk, Oksana"]
[Result "0-1"]
[WhiteElo "2125"]
[BlackElo "2081"]
[PlyCount "108"]
[EventDate "2000.02.12"]
[EventType "tourn"]
[EventRounds "9"]
[EventCountry "DEN"]

1. e4 e6 2. d4 d5 3. Nc3 Nf6 4. Bg5 Bb4 5. exd5 exd5 6. Qf3 Nbd7 7. Nge2 c6 8.
O-O-O O-O 9. h4 Qa5 10. Kb1 Re8 11. a3 Be7 12. Ng3 b5 13. Nf5 b4 14. Nxe7+ Rxe7
15. axb4 Qxb4 16. Na2 Qb6 17. Qa3 Re6 18. Qb4 Ne4 19. Qxb6 axb6 20. Be3 f5 21.
Bd3 Ndf6 22. f3 Nc3+ 23. Nxc3 Rxe3 24. Rhe1 Rxe1 25. Rxe1 Kf7 26. Ne2 Ba6 27.
Bxf5 Re8 28. Bd3 Bxd3 29. cxd3 Nh5 30. Kc2 Nf4 31. Kd2 Nxg2 32. Rh1 Ne3 33. Ng3
Re6 34. Ne4 dxe4 35. Kxe3 exf3+ 36. Kxf3 Rd6 37. Ke4 Re6+ 38. Kf3 g6 39. Rh2
Kf6 40. Rg2 h6 41. Kf4 Rd6 42. Ke4 g5 43. hxg5+ hxg5 44. Rg4 Kg6 45. Ke5 Rd5+
46. Ke4 Kh5 47. Rg1 g4 48. Rh1+ Kg5 49. Ke3 Rf5 50. Rc1 Rf6 51. d5 cxd5 52. Rh1
Rf3+ 53. Ke2 Rh3 54. Rb1 d4 0-1

[Event "Tjele WIM "]
[Site "Tjele"]
[Date "2000.02.15"]
[Round "4"]
[White "Sikorova, Olga"]
[Black "Jackova, Jana"]
[Result "1/2-1/2"]
[WhiteElo "2195"]
[BlackElo "2303"]
[PlyCount "53"]
[EventDate "2000.02.12"]
[EventType "tourn"]
[EventRounds "9"]
[EventCountry "DEN"]

1. e4 e5 2. Bc4 Nf6 3. d3 c6 4. Nf3 d5 5. Bb3 Bd6 6. Nc3 dxe4 7. Ng5 O-O 8.
Ngxe4 Nxe4 9. Nxe4 Bf5 10. Nxd6 Qxd6 11. O-O a5 12. a3 Nd7 13. Kh1 a4 14. Ba2
Qg6 15. f3 b5 16. Qd2 h6 17. Qc3 Rac8 18. Be3 Rfe8 19. Rae1 Nf6 20. Re2 h5 21.
Qb4 Be6 22. Bxe6 Rxe6 23. Bd2 Rce8 24. Rfe1 Nd5 25. Qh4 Nf4 26. Rf2 Qf5 27. g4
1/2-1/2

[Event "Tjele WIM "]
[Site "Tjele"]
[Date "2000.02.15"]
[Round "4"]
[White "Steffensen, Elena"]
[Black "Grigoryan, Meri"]
[Result "1-0"]
[WhiteElo "2075"]
[BlackElo "2097"]
[PlyCount "69"]
[EventDate "2000.02.12"]
[EventType "tourn"]
[EventRounds "9"]
[EventCountry "DEN"]

1. e4 c5 2. Nc3 e6 3. f4 d5 4. e5 Nc6 5. Nf3 a6 6. Be2 Nge7 7. O-O g6 8. Kh1
Bg7 9. d4 c4 10. a4 Rb8 11. b3 b5 12. bxc4 bxc4 13. Ba3 Nb4 14. Rb1 Nec6 15.
Bxb4 Rxb4 16. Rxb4 Nxb4 17. Qb1 Qa5 18. Qb2 O-O 19. Rb1 Nc6 20. Qa3 Rd8 21. Qa1
Bf8 22. Nd1 Bd7 23. Nf2 Nb4 24. c3 Nc2 25. Qb2 Bxa4 26. Ng4 Bb3 27. Qc1 Qxc3
28. f5 exf5 29. Nh6+ Kg7 30. Qg5 Qa5 31. Nxf5+ Kg8 32. Nh6+ Kg7 33. Qf6+ Kxh6
34. g4 Ne3 35. Ng5 1-0

[Event "Tjele WIM "]
[Site "Tjele"]
[Date "2000.02.16"]
[Round "5"]
[White "Grigoryan, Meri"]
[Black "Hitzgerova, Gabriela"]
[Result "0-1"]
[WhiteElo "2097"]
[BlackElo "2174"]
[PlyCount "82"]
[EventDate "2000.02.12"]
[EventType "tourn"]
[EventRounds "9"]
[EventCountry "DEN"]

1. d4 Nf6 2. c4 g6 3. Nc3 Bg7 4. Nf3 d6 5. g3 O-O 6. Bg2 Nc6 7. O-O a6 8. Bg5
Rb8 9. Rc1 Bd7 10. Re1 b5 11. cxb5 axb5 12. e4 h6 13. Bxf6 Bxf6 14. Bf1 b4 15.
Nd5 Bg7 16. Ne3 Na5 17. Nc4 c6 18. Nxa5 Qxa5 19. Bc4 Bg4 20. Re3 Qb6 21. e5 d5
22. Bf1 e6 23. h3 Bxf3 24. Rxf3 Rfc8 25. Qd2 c5 26. Qf4 Rb7 27. h4 Rcc7 28.
dxc5 Rxc5 29. Rxc5 Qxc5 30. h5 g5 31. Qe3 Qc2 32. Qd4 Qc7 33. Re3 Bf8 34. Kg2
Bc5 35. Qd3 Bxe3 36. Qxe3 Qb6 37. Qe1 Qd4 38. b3 Ra7 39. Qe2 Qe4+ 40. Qxe4 dxe4
41. Bc4 Rxa2 0-1

[Event "Tjele WIM "]
[Site "Tjele"]
[Date "2000.02.16"]
[Round "5"]
[White "Jackova, Jana"]
[Black "Milligan, Helen"]
[Result "1-0"]
[WhiteElo "2303"]
[BlackElo "2125"]
[PlyCount "47"]
[EventDate "2000.02.12"]
[EventType "tourn"]
[EventRounds "9"]
[EventCountry "DEN"]

1. e4 e6 2. d4 d5 3. Nc3 Bb4 4. e5 c5 5. a3 Bxc3+ 6. bxc3 Ne7 7. Qg4 O-O 8. Bd3
f5 9. Qg3 Qa5 10. Bd2 c4 11. Be2 Bd7 12. Nh3 Nbc6 13. Nf4 Nd8 14. Nh5 Ng6 15.
h4 Nf7 16. Nf6+ gxf6 17. h5 Nfh8 18. hxg6 Nxg6 19. Qh3 Rf7 20. Bh5 Nf8 21.
Bxf7+ Kxf7 22. Qh5+ Ke7 23. exf6+ Kd6 24. Qf3 1-0

[Event "Tjele WIM "]
[Site "Tjele"]
[Date "2000.02.16"]
[Round "5"]
[White "Lauterbach, Ingrid"]
[Black "Steffensen, Elena"]
[Result "1-0"]
[WhiteElo "2182"]
[BlackElo "2075"]
[PlyCount "129"]
[EventDate "2000.02.12"]
[EventType "tourn"]
[EventRounds "9"]
[EventCountry "DEN"]

1. e4 g6 2. d3 Bg7 3. g3 e5 4. Bg2 Ne7 5. c3 c6 6. Nf3 d5 7. Nbd2 O-O 8. O-O
Na6 9. Qe2 dxe4 10. dxe4 Qc7 11. b3 b6 12. Ba3 Bb7 13. Nc4 c5 14. Rad1 Rad8 15.
Ne3 Nb8 16. Qc2 Rxd1 17. Rxd1 Rd8 18. Ne1 Rxd1 19. Qxd1 Qd7 20. Nd5 Nxd5 21.
exd5 e4 22. c4 f5 23. Qe2 Ba6 24. Qe3 Qd6 25. Nc2 Nd7 26. f3 b5 27. fxe4 bxc4
28. exf5 cxb3 29. axb3 Qe5 30. Qxe5 Bxe5 31. fxg6 hxg6 32. Bh3 Bd3 33. Bxd7
Bxc2 34. Be6+ Kg7 35. Bxc5 Bxb3 36. Bxa7 Kf6 37. Kf2 Bb2 38. Ke3 Ke5 39. Bb8+
Kf6 40. Bc7 g5 41. Kd3 Ba2 42. Ba5 Ke5 43. Bc7+ Kf6 44. Bd8+ Kg6 45. Bb6 Bb1+
46. Kc4 Be5 47. Kc5 Ba2 48. Bg4 Bxd5 49. Kxd5 Bb2 50. Ke4 Bc1 51. Bf5+ Kh5 52.
h3 Bd2 53. Bf2 Bb4 54. g4+ Kh6 55. Be3 Be1 56. Bd7 Kg6 57. Be8+ Kf6 58. Bd4+
Ke7 59. Bb5 Kf7 60. Kf5 Kg8 61. Kxg5 Ba5 62. Kg6 Bd8 63. Bc4+ Kf8 64. Bg7+ Ke8
65. Bf7+ 1-0

[Event "Tjele WIM "]
[Site "Tjele"]
[Date "2000.02.16"]
[Round "5"]
[White "Stewart, Tanya Jill Milk"]
[Black "Sikorova, Olga"]
[Result "0-1"]
[WhiteElo "2035"]
[BlackElo "2195"]
[PlyCount "104"]
[EventDate "2000.02.12"]
[EventType "tourn"]
[EventRounds "9"]
[EventCountry "DEN"]

1. e4 d5 2. exd5 Nf6 3. Bb5+ Bd7 4. Bxd7+ Qxd7 5. Nf3 Nxd5 6. O-O Nc6 7. d4 e6
8. c4 Nb6 9. b3 O-O-O 10. Be3 Bc5 11. d5 Bxe3 12. fxe3 exd5 13. c5 Na8 14. Nd4
f6 15. b4 Nxd4 16. exd4 c6 17. Nc3 Nc7 18. a4 Rhe8 19. Qd3 Qg4 20. h3 Qg5 21.
Rf3 Ne6 22. Raf1 Qh4 23. Ne2 Qe4 24. Qd2 Ng5 25. R3f2 Qe3 26. Qb2 Ne4 27. b5
Rd7 28. a5 Nxf2 29. Rxf2 Qd3 30. bxc6 bxc6 31. Kh2 Rb7 32. Qa2 Qb3 33. Qd2 Qe3
34. Qxe3 Rxe3 35. Ng3 Ra3 36. Nf5 Rd7 37. Nd6+ Kc7 38. Rb2 Rxd6 39. cxd6+ Kxd6
40. Rb7 Rxa5 41. Rxg7 Ra4 42. Rxh7 a5 43. Rh4 Rb4 44. Rf4 Ke6 45. h4 c5 46. Rf3
Rxd4 47. g3 Rd2+ 48. Kh3 c4 49. h5 d4 50. h6 Kf7 51. Rf5 Kg6 52. Kg4 c3 0-1

[Event "Tjele WIM "]
[Site "Tjele"]
[Date "2000.02.16"]
[Round "5"]
[White "Vovk, Oksana"]
[Black "Guindy, Esmat"]
[Result "1/2-1/2"]
[WhiteElo "2081"]
[BlackElo "2185"]
[PlyCount "47"]
[EventDate "2000.02.12"]
[EventType "tourn"]
[EventRounds "9"]
[EventCountry "DEN"]

1. c4 e6 2. Nc3 d5 3. cxd5 exd5 4. d4 Be7 5. Bf4 c6 6. Qc2 Nf6 7. e3 Nbd7 8.
Bd3 O-O 9. Nge2 Re8 10. O-O Nf8 11. Rab1 Bd6 12. b4 a6 13. Na4 g6 14. Nc5 Ne6
15. Bg3 Ng7 16. a4 b6 17. Nb3 Bxb4 18. Qxc6 Bd7 19. Qc7 Ne6 20. Qxd8 Rexd8 21.
Nbc1 Ba5 22. Nb3 Bb4 23. Nbc1 Ba5 24. Nb3 1/2-1/2

[Event "Tjele WIM "]
[Site "Tjele"]
[Date "2000.02.17"]
[Round "6"]
[White "Grigoryan, Meri"]
[Black "Lauterbach, Ingrid"]
[Result "0-1"]
[WhiteElo "2097"]
[BlackElo "2182"]
[PlyCount "100"]
[EventDate "2000.02.12"]
[EventType "tourn"]
[EventRounds "9"]
[EventCountry "DEN"]

1. e4 d6 2. d4 Nf6 3. Nc3 g6 4. f4 Bg7 5. Nf3 c5 6. dxc5 Qa5 7. Bb5+ Bd7 8.
Bxd7+ Nbxd7 9. O-O Qxc5+ 10. Kh1 O-O 11. Qe1 e6 12. Qh4 h5 13. Bd2 b5 14. Qg5
b4 15. e5 bxc3 16. exf6 Bxf6 17. Qxc5 Nxc5 18. Bxc3 Bxc3 19. bxc3 Ne4 20. Rad1
Rfc8 21. Rd4 d5 22. c4 Rxc4 23. Rxc4 dxc4 24. Ne5 Rc8 25. Rb1 Rc7 26. Rb4 Nd6
27. Kg1 Kg7 28. Kf1 f6 29. Nf3 Kf7 30. Nd4 Ke7 31. Ke2 Ne4 32. Kf3 Nc3 33. a3
e5 34. fxe5 fxe5 35. Nb5 e4+ 36. Kf2 Nxb5 37. Rxb5 Rd7 38. Ke2 c3 39. Re5+ Kf6
40. Rxe4 Rd2+ 41. Kf3 Rxc2 42. Ra4 Rc1 43. Rc4 c2 44. Kg3 g5 45. Rc5 Ke6 46.
Rc6+ Kd5 47. Rc7 a5 48. Rc8 Kd4 49. h3 Kd3 50. Rc7 Rd1 0-1

[Event "Tjele WIM "]
[Site "Tjele"]
[Date "2000.02.17"]
[Round "6"]
[White "Hitzgerova, Gabriela"]
[Black "Sikorova, Olga"]
[Result "1-0"]
[WhiteElo "2174"]
[BlackElo "2195"]
[PlyCount "60"]
[EventDate "2000.02.12"]
[EventType "tourn"]
[EventRounds "9"]
[EventCountry "DEN"]

1. Nf3 c5 2. e4 g6 3. d4 Bg7 4. d5 d6 5. c4 Na6 6. Nc3 Nc7 7. a4 Bd7 8. Bd3 Rb8
9. O-O b6 10. Bf4 f6 11. Nd2 a6 12. Qe2 Nh6 13. Bg3 O-O 14. f4 Nf7 15. Nf3 Bg4
16. h3 Bh5 17. Qe3 Bxf3 18. Qxf3 g5 19. Qh5 gxf4 20. e5 h6 21. exf6 exf6 22.
Bxf4 Ne5 23. Bxe5 dxe5 24. Qg6 Rf7 25. Qh7+ Kf8 26. Bg6 Re7 27. Ne4 Ne8 28. d6
Reb7 29. Bxe8 Kxe8 30. Qg8+ Kd7 1-0